[Event "EU-ch 16th"]
[Site "Jerusalem"]
[Date "2015.03.08"]
[Round "11"]
[White "Akopian, Vladimir Eduardovic"]
[Black "Ipatov, Alexander"]
[Result "0-1"]
[WhiteElo "2660"]
[BlackElo "2592"]
[Annotator "Ipatov,A"]
[PlyCount "138"]
[EventDate "2015.02.24"]
[EventType "swiss"]
[EventRounds "11"]
[EventCountry "ISR"]
[SourceTitle "CBM 166"]
[Source "ChessBase"]
[SourceDate "2015.05.11"]
[SourceVersion "1"]
[SourceVersionDate "2015.05.11"]
[SourceQuality "1"]

{The last rounds at the European Individuals are always tense, especially for
those who are entering the eleventh round with +3, and this game is not an
exception.} 1. e4 e5 2. Nf3 Nf6 {A slightly weird decision to play the Petroff
in a must-win situation, you might say. Most likely yes, but it also contains
some logic. It was pretty obvious before the game that my opponent would go
all-out in order to win so it made sense to me to play solid and wait for my
chance to come. And it came!} 3. Nxe5 d6 4. Nf3 Nxe4 5. d4 d5 6. Bd3 Bd6 {
This move had been also played by Nisipeanu against the winner of the
tournament a couple of rounds earlier. I wasn't aware about that game while
preparing for the last round; I found it just now :)} 7. O-O O-O 8. c4 c6 9.
Re1 Bf5 10. Qc2 ({A more popular move is considered to be} 10. Qb3 {It was
also the choice of Evgeny Najer, who is known for his deep opening preparation.
} Qd7 $5 {A relatively rare move.} (10... Na6 {is the main line.}) 11. Nc3 (11.
cxd5 cxd5 12. Nc3 Nxc3 13. Bxf5 Qxf5 14. bxc3 Nd7 $1 15. Qxb7 Nb6 {[%cal Gb6c4]
Black gets an obvious positional compensation for the pawn.} 16. Qa6 Nc4 17.
Bg5 Rfb8 18. Qa4 {Lastin,A (2639)-Landa,K (2615) Novokuznetsk 2008} h6 19. Be7
(19. Bh4 Rb6 20. Bg3 Nb2 21. Qa5 Nc4 22. Qa4 Nb2 $11) 19... Bf4 $1 20. Re2 Rb7
21. Rae1 Rab8 $44 {[%csl Gc4]}) (11. Be3 dxc4 12. Bxc4 Qc7 13. Nc3 Nxc3 14.
bxc3 Nd7 15. h3 b5 16. Bf1 Nb6 $132 {[%csl Gc4,Gd5] Leko,P (2730)-Anand,V 
(2794) Leon 2001}) 11... Nxc3 12. Bxf5 Qxf5 13. bxc3 (13. Qxb7 Qd7 14. Qxd7
Nxd7 15. c5 Bxh2+ (15... Bxc5 16. dxc5 Ne4 17. Nd4 Ndxc5 18. f3 Nf6 19. Nxc6
$14 {[%csl Ya2,Ya7,Yb2,Gd4][%cal Gb2b4,Ga2a4]}) 16. Nxh2 Ne4 17. Bf4 Rfe8 18.
f3 Nef6 19. Nf1 Nf8 {This is what GM Mihail Marin said about this position:
"The position remains complicated. The pawn structure is rather assymetrical,
while the force of the white bishop cannot be evaluated unilaterally. In
principle, it puts some pressure on Black, but its activity is restricted by
its own central pawns, which could transform it into a "bad" bishop in the
event of mass simplifications. Another important aspect is the hidden weakness
of the c6- and d4-pawns. Neither of them is in immediate danger, but they need
permanent care."} 20. Rxe8 Rxe8 21. Rd1 Re7 22. Nd2 Ne6 23. Be5 a5 24. Nb3 Ra7
25. a4 Nh5 26. Re1 h6 27. Kf2 Nhf4 28. Re3 h5 29. g3 Nh3+ 30. Ke1 g5 $132 {
Svidler,P (2728)-Ivanchuk, V (2750) Morelia/Linares 2007}) 13... b6 {White is
at a crossroads here.} 14. h3 $1 {So far this move has a perfect statistic for
White in both classical and correspondence games: 4/4 according to my database!
} (14. cxd5 cxd5 15. Ba3 (15. Qb5 Qd7 $1 16. a4 Qxb5 $5 (16... Rd8 17. g3 Bc7
18. Bg5 f6 19. Bd2 Nc6 20. c4 $13 {Adams,M (2741)-Morozevich,A (2741) Wijk aan
Zee 2005}) 17. axb5 a5 18. bxa6 Nxa6 {[%csl Rb6,Rc3] the weakness of b6-pawn
is compensated for by the weakness of c3-pawn.} 19. Rb1 Rfb8 20. Ne5 Nc7 21.
Nd7 Re8 22. Rxe8+ Rxe8 23. Kf1 b5 $11) (15. Ne5 Nd7 $1 {Without the inclusion
of h2-h3 and h7-h6, as in the game Najer-Nisipeanu, this works pretty well for
Black, because White doesn't have the idea g2-g4 at his disposal.} 16. Qxd5
Bxe5 17. dxe5 Nc5 $44 {[%csl Rc3][%cal Gf8d8,Ga8c8,Gc5d3]}) 15... Bxa3 16. Qxa3
Nc6 17. h3 Qd7 18. Ne5 Nxe5 19. Rxe5 Rae8 20. Rae1 Re6 21. Rxe6 {1/2 (21)
Svidler,P (2728) -Kramnik,V (2766) Wijk aan Zee 2007}) (14. Bg5 {was tried in
one correspondence game.} Nd7 ({why not a simple} 14... dxc4 $5 15. Qxc4 b5 16.
Qb3 Nd7 $11) 15. Be7 Bxe7 16. Rxe7 Nf6 17. Ne5 dxc4 18. Qxc4 Ne4 $1 19. Nf3
Rae8 $1 20. Rxe8 (20. Rxa7 g5 $1 21. h3 h5 $36) 20... Rxe8 21. Re1 (21. Qxc6
Qc8 $1) 21... Re6 22. Re3 b5 $11 {Ohtake,S (2446)-Gunkel,W (2356) ICCF 2013})
14... h6 $2 (14... Nd7 15. cxd5 Qxd5 16. c4 Qa5 (16... Qf5 17. Ba3 Qf6 18. Bxd6
Qxd6 19. a4 a5 20. Rab1 Rfe8 21. g3 g6 22. Kg2 h6 23. h4 $14 {Pessoa,F (2426)
-Simonenko, S (2459) ICCF 2008}) 17. Bd2 Qa3 18. Qc2 Rfe8 19. Rad1 Qa6 20. a4
$14 {Gooshchin,D (2494)-Jensen,E (2415) ICCF 2009}) (14... dxc4 $5 {this is my
proposal.} 15. Qxc4 b5 (15... Qb5 16. Qxb5 cxb5 17. Rb1 a6 18. a4 $1 $16) 16.
Qb3 Nd7 17. Ba3 Bxa3 18. Qxa3 Nb6 19. Ne5 Qe6 {[%csl Gc4,Gd5] Black should be
able to neutralise White's initiative, although I admit that Black hasn't
fully equalised yet.}) 15. cxd5 cxd5 16. Ne5 $1 {It turns out that Black
doesn't have an adequate way to protect his d5-pawn!} Bxe5 (16... Nd7 {here it
is not so good, because White has the strong} 17. g4 $1 {at his disposal} Qe6
18. Nf3 Qf6 19. Qxd5 $16) 17. Rxe5 Qd3 18. Rxd5 Nc6 19. c4 $16 {Najer,E (2634)
-Nisipeanu,L (2654) Jerusalem 2015. White has an extra pawn for nothing.})
10... Na6 11. a3 Bg6 12. c5 Bb8 {[%cal Ga6c7,Gc7e6] Keeping the c7-square free
for the knight.} 13. Nc3 f5 {[%csl Ge4,Re5] A very responsible positional
decision: Black strengthens the position of his knight on e4, but, on the
other hand, permamently weakens the e5-square.} 14. Ne2 $5 $146 {A novelty
according to my database. White is preparing Bc1-f4.} Nc7 15. Bf4 $2 {A
natural decision to exchange light-squared bishops and establish the control
over e5-square. However, as we all know, chess is a very concrete game and
this move seems to have a dynamic refutation.} (15. Nf4 $5 {was worthy of
consideration with a very complicated game ahead.}) (15. Qb3 $5) 15... Ne6 $2 {
Returning the favour.} ({I don't know why I didn't play the natural} 15... Bh5
$1 {[%csl Rd4][%cal Gc7e6,Yh5f3] , after which Black is just better!} 16. Ne5 (
16. Bxc7 Bxc7 17. Ne5 Bxe2 18. Rxe2 Bxe5 19. dxe5 Qe7 {[%csl Rc5,Re5] and
White has to decide which pawn to give up, not gaining any compensation for it
instead.}) 16... Bxe2 17. Qxe2 Ne6 {[%csl Rd4] and White's center falls apart.}
) 16. Bxb8 Qxb8 17. Nh4 ({Of course, White cannot invade into e5 and not get
punished for it:} 17. Ne5 $2 Nxd4 18. Nxd4 Qxe5 $17) 17... Qd8 18. Nxg6 hxg6
19. f3 {I spent a lot of time here trying to evaluate the consequences of 19...
Qh4, which seemed to lead to a very dry endgame.} N4g5 $1 {[%csl Rd4] I think,
Black is slightly better after this move: White needs to take care of his
d4-pawn, which can be attacked by means of Qd8-f6, Kg8-f7 followed by
Rf8-h8-h4. Also Black may create some attacking ideas on the h-file followed
by a knight sacrifice on f3. Another point is that the position has the closed
character, which generally favours the side with knights, which are more
flexible than bishops.} (19... Qh4 20. fxe4 (20. g3 $6 Qh6 (20... Qh3 $5 {
might be even stronger, as the machine points out.}) 21. fxe4 fxe4 22. Bxe4
Qe3+ 23. Kh1 dxe4 24. Nc3 Nxd4 $36) 20... fxe4 21. Bxe4 Qxe4 22. Qxe4 dxe4 23.
Rad1 Rad8 {While thinking on my 19th move I evaluated this position as nearly
equal without any chance to win. That's why I went for 19...N4g5.}) 20. b4 {
The clear sign that my opponent was in an ultra fighting mood. Objectively
this move is suspicious, because Black seems to be faster with his play on the
kingside than White on the queenside.} Kf7 $1 {[%csl Rd4,Rh2][%cal Gf8h8,Gh8h2,
Yh8h4,Yh4d4] I was very happy when I found this idea. Now the rook can join
the action through the h-file. The black king isn't in danger because the
position is closed and White doesn't have a direct way to punish his opponent
for such provocative moves with a king.} 21. Rf1 (21. h4 $2 {would offer Black
a serious attack} Nxf3+ $1 22. gxf3 Qxh4 {[%cal Gf8h8]} 23. Kg2 Nf4+ 24. Nxf4
Qg5+ $1 25. Kf1 Qxf4 26. Kg2 (26. Qg2 Rae8 $1 $40) 26... Rh8 (26... Qg5+ 27.
Kf1 Rh8 28. Qg2 Qh4 $13) 27. Rh1 Rae8 $1 $36) 21... Rh8 22. f4 {Clarifiying
the pawn structure.} ({My opponent might have been afraid of something like} 
22. b5 Qg8 $5 $13 {[%cal Gg8h7]}) 22... Ne4 23. Bxe4 dxe4 {[%csl Rd4,Ge4] The
pawn structure has changed dramatically, although White's weakness is still
the same: the d4-pawn.} 24. Qb3 Qf6 {After some thought I decided to switch
plans. Now my target isn't the attack on the kingside, now it is all about
d4-pawn.} (24... Qd5 {was tempting to play, but I didn't see the clear plan
for an advantage afterwards} 25. Qxd5 cxd5 $13) 25. Rad1 Rhd8 26. b5 $2 ({
Of course, White had to get rid of his weakness by pushing the d-pawn forward.
} 26. d5 $1 cxd5 27. Rxd5 Rxd5 28. Qxd5 Qe7 29. Rd1 Rd8 30. Qb3 Qc7 $11 {
[%cal Gf7e7] should be around equal, I think.}) 26... Rac8 27. Rd2 Rd7 28. Rfd1
Rcd8 $17 {[%csl Rd4] Black has managed to stabilise the situation and remains
better.} 29. bxc6 bxc6 30. h3 Ke8 31. d5 {Aiming to complicate matters in
mutual time trouble.} Nxc5 32. Qe3 Nb7 33. Nc3 Na5 34. Rd4 cxd5 35. Nxd5 $2
$138 Qd6 $4 $138 ({Missing an easy win after} 35... Qc6 $1 {[%cal Gd8d1] the
killing pin!} 36. Nb4 Qb6 $1 (36... Qc5 $4 37. Rxe4+ fxe4 38. Qxc5 $18) 37. Nc2
Rxd4 38. Rxd4 Qb1+ 39. Kh2 Qxc2 40. Rxd8+ Kxd8 $19) 36. Qc3 Nb7 37. Rc4 Qe6 {
Setting a small trap :)} 38. Rc6 (38. Nc7+ $2 Rxc7 39. Rxd8+ Kxd8 40. Rxc7 Qb6+
$19) 38... Qf7 39. Rc7 (39. Nc7+ Rxc7 40. Rxc7 Rxd1+ 41. Kh2 Qf6 $1 $17 (41...
Rd7 42. Rxb7 $1 Rxb7 43. Qc8+ Ke7 44. Qxb7+ Kf8 45. Qb8+ Qe8 46. Qxa7 $11))
39... Rxd5 40. Qc6+ (40. Rxf7 $2 Rxd1+ 41. Kh2 Kxf7 $19) (40. Rxd5 $2 Qxd5 41.
Qxg7 Rd7 42. Rc8+ Nd8 43. Qxg6+ Qf7 $19) 40... R8d7 41. Rxd5 Qxd5 42. Qxd5 Rxd5
43. Rxb7 {During the game I was pessimistic about my winning chances here. I
thought that the activity of White's rook should provide White good chances to
escape.} Rd7 44. Rb5 Ke7 {My strategy was easy: to activate the king and try
to get a position, where White would need to start calculating stuff and take
decisions. For this I was ready to give back the pawn.} ({Another plan was to
bring the king to h6 in order to prepare the g6-g5.} 44... Kf7 $5 {[%cal Gf7g8,
Gg8h7,Gh7h6,Yg6g5]}) 45. Ra5 Kd6 46. Kf2 Rb7 47. Ra6+ Kd5 48. Rxg6 a5 49. a4
Kd4 $1 {[%cal Gb7b2] Gaining a tempo by triangulating.} 50. Rd6+ Kc5 51. Rg6
Kb4 {Although, the position is objectively a draw, White still has to play a
decent amount of strong moves in a row, which is never easy with limited
minutes on the clock.} 52. g4 $1 {A natural move. White wants to create a
passed pawn on the kingside.} fxg4 53. hxg4 Kxa4 54. Ke3 Kb3 55. f5 a4 56. f6
$4 {Just one wrong move and the position becomes lost.} (56. Ra6 $11 {would
have saved the day for White.} a3 57. g5 a2 (57... Rb5 58. Kxe4 Rb4+ 59. Ke3
Ra4 60. Rxa4 Kxa4 61. f6 gxf6 62. gxf6 a2 63. f7 a1=Q 64. f8=Q $11) 58. f6 Kb2
59. fxg7 Rxg7 60. Rb6+ Kc2 61. Rc6+ Kb2 62. Rb6+ Ka1 63. g6 Re7 64. Rb8 $11) (
56. g5 $11 {was another possible move order to reach a draw.}) 56... gxf6 57.
Rxf6 a3 {It turns out that White doesn't have an adequate way to take the
e4-pawn. If it were possible, then his plan would be easy: to push the g-pawn
further and give up rook for the black a-pawn.} 58. g5 Ra7 $1 {The only
winning move, but it is still sufficient. One of the most important principles
of rook endings in action - "Keep your rook behind the passed pawn!"} 59. Rb6+
(59. Kxe4 a2 60. Rf1 Rg7 $1 {That's the trick! White doesn't have an optimal
way to keep his pawn.} 61. Rg1 (61. Kf5 Rf7+ $19) 61... Rxg5 $19) 59... Kc4 60.
Rb1 Rg7 $1 61. Rc1+ (61. Rg1 a2 62. Kf4 (62. Kxe4 Rxg5 $1) 62... e3 $19) 61...
Kb3 62. Rb1+ (62. Kf4 e3 $19) 62... Kc3 63. Rc1+ Kb2 64. Rc5 a2 65. Rb5+ Kc3
66. Ra5 Kb3 67. Kf4 e3 68. Rb5+ Ka4 69. Rb8 Ra7 {White resigned.} 0-1

[Event "Nussloch"]
[Site "Nussloch"]
[Date "1996.??.??"]
[Round "1"]
[White "Lutz, Christopher"]
[Black "Jussupow, Artur"]
[Result "0-1"]
[WhiteElo "2555"]
[BlackElo "2655"]
[Annotator "Jussupow,A"]
[PlyCount "88"]
[EventDate "1996.??.??"]
[EventType "tourn"]
[EventRounds "11"]
[EventCountry "GER"]
[EventCategory "15"]
[SourceTitle "CBM 053"]
[Source "ChessBase"]
[SourceDate "1996.08.01"]
[SourceVersion "1"]
[SourceVersionDate "1996.08.01"]
[SourceQuality "1"]

1. e4 e5 2. Nf3 Nf6 3. Nxe5 d6 4. Nf3 Nxe4 5. d4 d5 6. Bd3 Nc6 7. O-O Be7 8. c4
Nf6 9. Nc3 O-O 10. Re1 Bg4 (10... Be6 $5) 11. cxd5 Nxd5 12. h3 Be6 13. a3 a6
14. Qc2 $5 $146 (14. Bc2 Re8 15. Be3 Qd7 16. Qd2 Rad8 17. Rad1 $5 Nxc3 18. bxc3
Bxa3 19. Bg5 $44 {Timman,J-Yusupov,A/Dortmund 61/304 1994}) 14... h6 15. Be3 $5
(15. Bh7+ Kh8 16. Bf5 $14) 15... Bf6 16. Rad1 $14 Nce7 (16... Nxe3 17. fxe3 Ne7
18. Ne4 $36) 17. Ne4 Qc8 18. Bc1 Rd8 (18... Bf5 $4 19. Nxf6+ $18) 19. g4 $1 Nc6
$5 {><d4} (19... Bxg4 $4 20. hxg4 Qxg4+ 21. Ng3 Qxf3 $4 22. Be2 $18) 20. Bf1 $1
Be7 21. Nc5 $6 (21. Ne5 $142 Nf6 $1 22. Nxc6 bxc6 23. Qxc6 Bd5 24. Nxf6+ Bxf6
25. Qc3 $16) 21... Bxc5 22. dxc5 Nde7 $1 $10 {/\Bd5} 23. b4 Rxd1 24. Rxd1 Bd5
25. Qc3 Qe6 26. Re1 Qd7 27. Bb2 $6 {><f4} (27. Rd1 $142 $10) 27... f6 28. Bg2
$6 (28. Rd1 $5) 28... Rd8 $15 29. Qe3 (29. Bc1 $5) 29... Ng6 30. Bc3 Bf7 $5 {
/\Re8; /\Qd5} 31. Bf1 $2 $138 (31. Qd2 $142 $1 $15) 31... Qd5 $36 32. Bg2 Qa2
$17 {><a3} 33. Qc1 $6 (33. Nd4 Re8 34. Qc1 Rxe1+ 35. Qxe1 Nxd4 36. Bxd4 Nf4 $17
) (33. Ra1 Qc4 34. Nd2 Qd3 $17) 33... Rd3 $1 34. Re3 Nf4 $19 35. Bf1 Rxe3 36.
fxe3 Ne2+ 37. Bxe2 Qxe2 38. Nd4 Nxd4 39. Bxd4 Bc4 $2 {/\Bd3} (39... Bd5 40. Qf1
Qa2 $19) 40. a4 $2 (40. e4 $1 $15 {/\Qe3}) 40... Bd3 $1 $19 {/\Qf3, Be4} 41. e4
Bxe4 42. Qf1 Qd2 43. Qc4+ Kh8 44. Bf2 Bd5 (44... Bd5 45. Qd4 Qc1+ 46. Kh2 Qh1+
47. Kg3 Qf3+ 48. Kh4 g5+ 49. Kh5 Bf7+ 50. Kxh6 Qxh3+ $19) 0-1

[Event "Horgen CS"]
[Site "Horgen"]
[Date "1994.??.??"]
[Round "6"]
[White "Gelfand, Boris"]
[Black "Jussupow, Artur"]
[Result "0-1"]
[WhiteElo "2680"]
[BlackElo "2655"]
[Annotator "Jussupow,A"]
[PlyCount "100"]
[EventDate "1994.09.??"]
[EventType "tourn"]
[EventRounds "11"]
[EventCountry "SUI"]
[EventCategory "16"]
[SourceTitle "CBM 043"]
[Source "ChessBase"]
[SourceDate "1994.12.01"]
[SourceVersion "1"]
[SourceVersionDate "1994.12.01"]
[SourceQuality "1"]

1. e4 e5 2. Nf3 Nf6 3. Nxe5 d6 4. Nf3 Nxe4 5. d4 d5 6. Bd3 Nc6 7. O-O Be7 8.
Re1 Bg4 9. c4 Nf6 10. Nc3 Bxf3 11. Qxf3 Nxd4 12. Qd1 Ne6 13. cxd5 Nxd5 14. Bb5+
c6 15. Nxd5 cxb5 16. Qh5 $146 (16. Qb3 O-O 17. Nxe7+ Qxe7 18. Qxb5 $10 {
Kasparov,G-Karpov,An (15)/ Wch32 - KK2 Moscow/ 1985/ 1/2-1/2/ 22/}) (16. Bf4 $5
) 16... O-O 17. Be3 (17. Nxe7+ $10) 17... Bg5 18. Rad1 {/\Nb6} Bxe3 19. Rxe3
Rc8 $1 (19... Qg5 20. Qxg5 Nxg5 21. f4 $16) 20. f4 (20. Rh3 Ng5 (20... h6 21.
Rg3 Kh8 $13 (21... Rc5 22. b4 Rc4 23. Qxh6)) 21. Rg3 h6 $13) (20. Red3 $44)
20... Rc5 $8 21. Re5 $2 (21. Red3 $2 Rxd5 $1 $17 22. Qxd5 Qb6+) (21. b4 $142
Rc4 22. f5 (22. Red3 $2 Nxf4 23. Nxf4 Qb6+) 22... Rh4 $8 23. Qe2 Nd4 24. Qf2
Qxd5 25. Qxh4 Nf3+ $15 (25... Ne2+ $15)) (21. Kh1 $2 Nxf4) 21... Rxd5 $1 $19
22. Rdxd5 Qb6+ 23. Kh1 Nxf4 24. Qf3 (24. Rxb5 Qc6 $19) 24... Nxd5 25. Qxd5 a6 (
25... Qf2 $2 26. Qxb5) (25... Rd8 $2 26. Re7) 26. h3 Qf2 $1 27. Re7 Qxb2 28.
Rxb7 Qc1+ 29. Kh2 Qf4+ 30. g3 $8 Qf2+ 31. Qg2 Qd4 32. Qf3 Qd2+ 33. Qg2 Qd4 34.
Qf3 Qc4 (34... g6 $19) 35. Qb3 Qxb3 36. axb3 Rd8 37. h4 g6 38. Rb6 Rd3 39. Rxa6
Rxb3 40. g4 Rc3 41. Rb6 Rc5 42. Kg3 (42. Rb8+ Kg7 43. Kg3 (43. g5 h6 $19) 43...
Kf6 $19) 42... Kf8 43. g5 Rc3+ (43... Ke7 $19) 44. Kf4 Rc4+ 45. Kg3 Rc3+ 46.
Kf4 Rc4+ 47. Kg3 b4 48. Rb7 Ke8 49. Kh3 Kd8 50. Rxf7 Kc8 (50... Kc8 51. h5 (51.
Rxh7 b3 52. Rh8+ Kb7 53. Rh7+ Rc7 $19) 51... b3 $19) 0-1

[Event "Linares 11th"]
[Site "Linares"]
[Date "1993.??.??"]
[Round "10"]
[White "Anand, Viswanathan"]
[Black "Jussupow, Artur"]
[Result "1/2-1/2"]
[WhiteElo "2710"]
[BlackElo "2645"]
[Annotator "Jussupow,A"]
[PlyCount "53"]
[EventDate "1993.02.??"]
[EventType "tourn"]
[EventRounds "13"]
[EventCountry "ESP"]
[EventCategory "18"]
[SourceTitle "CBM 034"]
[Source "ChessBase"]
[SourceDate "1993.06.01"]
[SourceVersion "1"]
[SourceVersionDate "1993.06.01"]
[SourceQuality "1"]

1. e4 {Schussler} e5 2. Nf3 Nf6 3. Nxe5 (3. d4 {Schussler} Nxe4 4. Bd3 d5 5.
Nxe5 Nd7 6. Nxd7 Bxd7 7. O-O Qh4 (7... Bd6 8. c4 c6 9. cxd5 cxd5 10. Qh5 O-O
11. Qxd5 Bc6 12. Qh5 g6 13. Qh3 Rc8 14. Bxe4 $1 (14. Bh6 Re8 15. Nd2 Bd7 16.
Qf3 Qh4 17. g3 Nxd2 18. Bxd2 Qxd4 $10 {Ivanchuk,V-Yusupov,A, Linares 1993, CBM
34 game 432}) 14... Bxe4 15. Nc3 Re8 16. Be3 {+/-/+/= - Timman,J-Yusupov,A,
Linares 1993, CBM 34 game 484}) 8. c4 O-O-O 9. c5 g5 10. Nc3 Bg7 11. g3 Qh3 12.
Nxe4 dxe4 13. Bxe4 Bb5 14. Bg2 Qf5 15. Be3 Bxf1 16. Bxf1 $16 {Anand,
V-Ivantchuk,V, Linares 1993, CBM 34 game 401}) 3... d6 4. Nf3 Nxe4 5. d4 d5 6.
Bd3 Nc6 (6... Bd6 {Schussler} 7. O-O O-O 8. c4 c6 9. Nc3 (9. cxd5 cxd5 10. Nc3
Nxc3 11. bxc3 Bg4 12. Rb1 b6 13. Rb5 Bc7 14. h3 a6 15. hxg4 $1 axb5 16. Qc2 g6
17. Bxb5 {17.Bh6} Qd6 18. g3 $14 {Ivanchuk,V-Bareev,E, Linares 1993, CBM 34
game 427}) 9... Nxc3 10. bxc3 dxc4 11. Bxc4 Bg4 12. Qd3 Nd7 13. Ng5 Nf6 14. h3
Bh5 15. f4 h6 $1 16. Nf3 {16.Ne4!?} Bxf3 17. Rxf3 Re8 {Kamsky,G-Bareev,E,
Linares 1993, CBM 34 game 434}) 7. O-O Be7 8. Re1 (8. c4 {Schussler} Nb4 9. Be2
O-O 10. Nc3 Be6 11. Be3 Bf5 12. Rc1 dxc4 13. Bxc4 c6 14. Ne5 Nxc3 15. bxc3 Nd5
16. Qf3 (16. Re1 $6 Ba3 17. Qf3 Bxc1 $15 {=/+/-/+ - Timman,J-Bareev,E, Linares
1993, CBM 34 game 479}) 16... Be6 17. Bd3 Bd6 18. Bd2 (18. Rfe1 Bxe5 19. dxe5
Nxe3 20. Rxe3 Qg5 $10) 18... Qh4 $10) 8... Bg4 9. c3 f5 10. Qb3 O-O 11. Nbd2
Na5 {ECO C42/(110)} 12. Qa4 Nc6 13. Bb5 Nxd2 (13... Rf6 14. Bxc6 Rxc6 15. Ne5
Ra6 {=Botvinnik ECO} 16. Qc2 Bh5 17. f3 {+/=/+/-}) 14. Nxd2 Qd6 (14... Nb8 $6
15. h3 $1 Bh5 16. Be2 $16) 15. Nb3 $6 (15. Nf1 $5 f4 16. f3 $13) (15. f3 Bh4 $5
(15... Bh5 $5 $13) 16. Re2 Bh5 17. Nf1 f4 $1 $13) 15... Bh4 $1 (15... f4 16. f3
(16. Nc5 Qg6 $6 (16... Bh4 $1 {-15...Bh4}) 17. Bd3 Bf5 18. Bxf5 Rxf5 19. f3 {
1/2-1/2 Yudasin - Khalifman, Simferopol USSR (ch-1l) 1988}) 16... Bh4 17. Re2
$13) 16. Rf1 $1 (16. Nc5 $2 Bxf2+ $1 (16... f4 $5 17. Nxb7 Qg6 {/\Bf3} 18. Bd3
(18. Bxc6 Bf3 $19) 18... Qxd3 19. Qxc6 Rae8 $1 20. Qxe8 (20. Bxf4 Bxf2+ $1 21.
Kxf2 Qd2+ $1 $19) 20... Rxe8 21. Rxe8+ Kf7 22. Re1 Qc2 23. g3 (23. Rf1 Be2 $19)
23... fxg3 24. hxg3 Bxg3 $1 $17 25. fxg3 $2 Bf3 $19) 17. Kxf2 Qxh2 {/\f4,f3->}
18. Ne6 (18. Bxc6 bxc6 (18... f4 $5 19. Bxd5+ Kh8 $40) 19. Qxc6 (19. Ne6 f4 $40
) 19... f4 20. Qxd5+ Kh8 $40) 18... f4 19. Nxf4 (19. Bxf4 Bxe6 $19) 19... Rxf4+
20. Bxf4 Rf8 $40) (16. g3 $2 f4 $1 17. gxh4 Qg6 $19) 16... f4 (16... Qg6 $5 17.
Bf4 Bh3 18. g3 $1 (18. Bg3 $2 f4 19. gxh3 fxg3 20. hxg3 Bxg3 21. fxg3 Qxg3+ 22.
Kh1 Qxh3+ 23. Kg1 Qg3+ 24. Kh1 Rf3 $19 (24... Rae8 25. Bxc6 Qh3+ 26. Kg1 Qg4+
27. Kh1 Qh5+ 28. Kg1 Qg5+ 29. Kh1 Rxf1+ 30. Rxf1 Re2 $19)) 18... Bg5 19. Bxg5
Bxf1 20. Bxf1 $1 (20. Rxf1 Qxg5 21. Bxc6 bxc6 22. Qxc6 f4 $17) 20... Qxg5 21.
Nc5 $15) 17. f3 Bf5 18. Nc5 Qg6 (18... Rae8 $6 19. Nxb7 Qg6 20. Bxf4 Bh3 21.
Bg3 Bxg3 22. hxg3 Qxg3 23. Qc2 $16) 19. Qd1 $1 $8 (19. Bxc6 $2 Bh3 $19) (19.
Bxf4 $4 Bc2 $19) 19... Bh3 (19... Rae8 20. Bxf4 (20. Bd3 Bxd3 21. Nxd3 Bg5 $15)
(20. Nd3 Bxd3 21. Bxd3 Qh5 22. Bd2 Bg3 23. h3 $13) 20... Bh3 21. Bg3 Bxg3 22.
hxg3 Qxg3 23. Qd2 $10) 20. Qd2 Rae8 21. Nd3 $1 {/\Kh1,><f4} (21. Bd3 Bf5 $15)
21... a6 $1 (21... Re3 $2 22. Kh1 $1 Rxd3 $2 23. Bxd3 Bxg2+ 24. Kg1 $1 $18) 22.
Bxc6 bxc6 23. Ne5 (23. Kh1 $4 Bxg2+ $19) 23... Rxe5 $1 (23... Qg5 $2 24. Kh1
Rxe5 $140 25. dxe5 Be6 26. g3 $18) 24. dxe5 Be6 $5 {/\Rf5,/\c5} 25. Qd4 Bh3 26.
Qd2 Be6 $44 27. Qd4 1/2-1/2